000 00548nam a22001937a 4500
003 OSt
005 20240620124509.0
008 240620b |||||||| |||| 00| 0 eng d
020 _a9780521089845
040 _aMUST
_cMUST
082 _a531.11 PAR 1953
_b19
100 _aPars L.A.
_917534
245 _aIntroduction to Dynamics/
_cL.A. Pars
260 _aCambridge University.:
_bUSA,
_c1953.
300 _axxii,501p.:
_bill,;
_c22.4cm.
504 _aIncludes Bibliographical Indexes.
650 _2Dynamics
_aPhysics
_9809
942 _2ddc
_cO_SHELF
999 _c8670
_d8670